000 00403nam a22001457a 4500
008 151022b xxu||||| |||| 00| 0 eng d
020 _a9780414023383
082 _a346.07 GOL
100 _aGoldrein, Iain
245 _aCommercial litigation :
_bpre-emptive remedies /
260 _aLondon :
_bSweet & MAxwell ,
_c2011
300 _acxxxii, 1396p. :
_c25cm.
500 _aincludes index
942 _2ddc
_cBK
999 _c8422
_d8422